| 000 | 00620nam a2200169 a 4500 | ||
|---|---|---|---|
| 005 | 20140412111241.0 | ||
| 008 | 020311s19uu xx 00 eng d | ||
| 020 | _a0-590-46187-7 | ||
| 050 |
_aER _bKe19 1992 |
||
| 100 | _aKrulik, Nancy E. | ||
| 245 |
_aKevin's Christmas vacation scrap book : _bHome alone 2 (lost in New York) / _cadapted by Nancy E. Krulik; based on the screenplay by John Hughes. |
||
| 260 |
_aNew York : _bScholastic Inc, _c1992. |
||
| 300 | _a32 p. ; ill. | ||
| 500 | _aBased on the sequel to the block buster comedy from Twentieth Century Fox! | ||
| 650 |
_aChristmas _xFiction |
||
| 999 |
_c102719 _d102719 |
||